|
|
|
|
| LEADER |
01095nam a2200325 4500 |
| 001 |
DLU210195575 |
| 005 |
##20210108 |
| 040 |
# |
# |
|a DLU
|b vie
|
| 041 |
# |
# |
|a vie
|
| 044 |
# |
# |
|a vn
|
| 100 |
# |
# |
|a Trần Thị Liễu.
|
| 245 |
# |
# |
|a So sánh hiệu quả của chỉ thị ISSR và SSR đánh giá đa dạng di truyền quần thể Hoàng đàn giả (Dacrydium Elatum) tự nhiên ở Tây Nguyên, Việt Nam /
|c Trần Thị Liễu, ...[và những người khác].
|
| 653 |
# |
# |
|a Đa dạng di truyền quần thể
|
| 653 |
# |
# |
|a Dacrydium elatum
|
| 653 |
# |
# |
|a ISSR
|
| 653 |
# |
# |
|a SSR
|
| 653 |
# |
# |
|a Tây Nguyên
|
| 700 |
# |
# |
|a Đinh Thị Phòng.
|
| 700 |
# |
# |
|a Nguyễn Thị Liễu.
|
| 700 |
# |
# |
|a Vũ Thị Thu Hiền.
|
| 773 |
# |
# |
|t Tạp chí Công nghệ Sinh học
|g Số 15(2), 2017, tr. 293-305
|
| 920 |
# |
# |
|a Phòng Tạp chí -- Trung tâm Thông tin - Thư viện Trường Đại học Đà Lạt
|
| 994 |
# |
# |
|a DLU
|
| 900 |
# |
# |
|a True
|
| 911 |
# |
# |
|a Hoàng Thị Huyền
|
| 925 |
# |
# |
|a G
|
| 926 |
# |
# |
|a A
|
| 927 |
# |
# |
|a BB
|
| 980 |
# |
# |
|a Thư viện Trường Đại học Đà Lạt
|